[Event "Biel HTO 53rd"]
[Site "Biel"]
[Date "2020.07.20"]
[Round "1"]
[White "Jaccard, Laurent"]
[Black "Mathieu, Phileas"]
[Result "0-1"]
[WhiteElo "1666"]
[BlackElo "2214"]
[PlyCount "82"]
[EventDate "2020.07.20"]
[EventType "swiss"]
[EventRounds "9"]
[EventCountry "SUI"]
[SourceTitle "CBM 197"]
[Source "ChessBase"]
[SourceDate "2020.08.31"]
[SourceVersion "1"]
[SourceVersionDate "2020.08.31"]
[SourceQuality "1"]

1. e4 c5 2. c3 d5 3. Bb5+ Bd7 4. Bxd7+ Qxd7 5. e5 Nc6 6. d4 e6 7. Ne2 Nge7 8. 0-0 Nf5 9. Be3 Be7 10. Nd2 0-0 11. Nf3 Rac8 12. Ng3 cxd4 13. cxd4 Nxg3 14. hxg3 Nb4 15. a3 Nc2 16. Rc1 Nxe3 17. fxe3 Rxc1 18. Qxc1 Rc8 19. Qd2 Qc6 20. Rd1 h6 21. Kf2 Qc4 22. Qd3 Qc6 23. Qd2 b5 24. Qa5 Qb7 25. Rd3 b4 26. Qa4 bxa3 27. bxa3 Qb2+ 28. Nd2 Rc2 29. Qe8+ Bf8 30. Ke2 Qc1 31. Qa4 Ra2 32. Qxa7 Qg1 33. Kf3 Qd1+ 34. Kf2 Rxd2+ 35. Rxd2 Qxd2+ 36. Kf3 Qd1+ 37. Kf2 Qc2+ 38. Kf3 Qc1 39. a4 Qf1+ 40. Kg4 Qf5+ 41. Kh4 Qg5+ 0-1